GENERATION OF ELECTRICAL ENERGY (Record no. 8191)
[ view plain ]
| 000 -LEADER | |
|---|---|
| fixed length control field | 00323nam a22001457a 4500 |
| 003 - CONTROL NUMBER IDENTIFIER | |
| control field | SGT |
| 020 ## - INTERNATIONAL STANDARD BOOK NUMBER | |
| International Standard Book Number | 9788121901024 |
| 082 ## - DEWEY DECIMAL CLASSIFICATION NUMBER | |
| Classification number | 629.2 |
| Item number | GUP |
| 100 ## - MAIN ENTRY--PERSONAL NAME | |
| Personal name | GUPTA B.R. |
| 245 ## - TITLE STATEMENT | |
| Title | GENERATION OF ELECTRICAL ENERGY |
| 260 ## - PUBLICATION, DISTRIBUTION, ETC. (IMPRINT) | |
| Place of publication, distribution, etc | NEW DELHI |
| Name of publisher, distributor, etc | S. CHAND |
| Year of Publication | 2015 |
| 300 ## - PAGE DESCRIPTION | |
| No. of Pages | 564 |
| 650 ## - SUBJECT ADDED ENTRY--TOPICAL TERM | |
| Topical term or geographic name as entry element | ELECTRICAL ENERGY |
| 942 ## - ADDED ENTRY ELEMENTS (KOHA) | |
| Source of classification or shelving scheme | Dewey Decimal Classification |
| Koha item type | Books |
| Withdrawn status | Lost status | Source of classification or shelving scheme | Damaged status | Not for loan | Home library | Current library | Shelving location | Date acquired | Vendor Name | Cost, normal purchase price | SGTU | Bill Number | Total Checkouts | Full call number | Accession No. (Barcode) | Date last seen | Bill Date | Koha item type |
|---|---|---|---|---|---|---|---|---|---|---|---|---|---|---|---|---|---|---|
| Dewey Decimal Classification | SGT Engineering Library | SGT Engineering Library | Text Book | 24/12/2015 | SPARSH BOOK | 320.00 | SGTU | 1400 | 629.2 GIR | FE6351 | 24/12/2015 | Books | ||||||
| Dewey Decimal Classification | SGT Engineering Library | SGT Engineering Library | Text Book | 24/12/2015 | SPARSH BOOK | 320.00 | SGTU | 1400 | 629.2 GIR | FE6352 | 24/12/2015 | Books | ||||||
| Dewey Decimal Classification | SGT Engineering Library | SGT Engineering Library | Text Book | 24/12/2015 | SPARSH BOOK | 320.00 | SGTU | 1400 | 629.2 GIR | FE6353 | 24/12/2015 | Books | ||||||
| Dewey Decimal Classification | SGT Engineering Library | SGT Engineering Library | Text Book | 24/12/2015 | SPARSH BOOK | 320.00 | SGTU | 1400 | 629.2 GIR | FE6354 | 24/12/2015 | Books | ||||||
| Dewey Decimal Classification | SGT Engineering Library | SGT Engineering Library | Text Book | 24/12/2015 | SPARSH BOOK | 320.00 | SGTU | 1400 | 629.2 GIR | FE6355 | 24/12/2015 | Books | ||||||
| Dewey Decimal Classification | SGT Engineering Library | SGT Engineering Library | Text Book | 24/12/2015 | SPARSH BOOK | 320.00 | SGTU | 1400 | 629.2 GIR | FE6356 | 24/12/2015 | Books | ||||||
| Dewey Decimal Classification | SGT Engineering Library | SGT Engineering Library | Text Book | 24/12/2015 | SPARSH BOOK | 320.00 | SGTU | 1400 | 629.2 GIR | FE6357 | 24/12/2015 | Books |